| 000 | 01399cam a2200397 a 4500 | ||
|---|---|---|---|
| 001 | 727781 | ||
| 003 | OSt | ||
| 005 | 20140310184515.0 | ||
| 008 | 980923s1999 nyua c 000 1 eng | ||
| 010 | _a 98040958 | ||
| 020 | _a0439202175 | ||
| 020 | _a0060280786 (lib. bdg.) | ||
| 040 |
_aDLC _cDLC _dDLC |
||
| 042 | _alcac | ||
| 050 | 0 | 0 |
_aPZ 7 _b.M992 1999 |
| 100 | 1 |
_aMyers, Walter Dean, _d1937- _929400 |
|
| 245 | 1 | 0 |
_aMonster / _cWalter Dean Myers ; illustrations by Christopher Myers. |
| 250 | _a1st ed. | ||
| 260 |
_aNew York, N.Y. : _bHarperCollins Publishers, _c1999. |
||
| 300 |
_a281 p. : _bill. ; _c22 cm. |
||
| 521 | _aG4 | ||
| 526 | _c670 | ||
| 586 | _aMichael L. Printz Award, 2000 | ||
| 650 | 1 |
_aTrials (Murder) _vFiction. _929401 |
|
| 650 | 1 |
_aPrisons _vFiction. _929402 |
|
| 650 | 1 |
_aSelf-perception _vFiction. _929403 |
|
| 650 | 1 |
_aAfrican Americans _vFiction. _929404 |
|
| 700 | 1 |
_aMyers, Christopher, _eill. _929405 |
|
| 856 | 4 | 2 |
_3Publisher description _uhttp://www.loc.gov/catdir/description/hc044/98040958.html |
| 856 | 4 | 2 |
_3Contributor biographical information _uhttp://www.loc.gov/catdir/enhancements/fy0911/98040958-b.html |
| 906 |
_a7 _bcbc _corignew _d1 _eocip _f19 _gy-gencatlg |
||
| 942 |
_2lcc _cBK-SCHOLAS |
||
| 999 |
_c34936 _d34936 |
||